Ten Ringgit Filia Piety

Bibliographic Details
Main Author: Foong, Priscilla
Format: Book
Published: Petaling Jaya : Penerbit Mega Setia Emas Sdn.Bhd , 2003
Series:Teen world short stories
Subjects:

MARC

LEADER 00000cam a2200000 7i4500
001 0000001431
005 20160330.0
008 081112
020 |a 9831435613 
090 0 0 |a FOO   |b ENG 
100 1 |a Foong, Priscilla 
245 1 0 |a Ten Ringgit Filia Piety   |c Pricilla Foong 
260 |a Petaling Jaya :   |b Penerbit Mega Setia Emas Sdn.Bhd ,   |c 2003 
440 |a Teen world short stories 
500 |a Teenager ages 13-18 years old (blue) 
650 0 |a Adventure   |x Fiction 
999 |a 0000962750   |b Book   |c Children Collection   |e Cawangan Pontian 
999 |a 0000962754   |b Book   |c Children Collection   |e Cawangan Tangkak 
999 |a 0000965476   |b Book   |c Teenagers   |e Perbadanan Perpustakaan Awam Johor 
999 |a 0000965477   |b Book   |c Teenagers   |e Perbadanan Perpustakaan Awam Johor